000 00651nam a2200193Ia 4500
005 20260114185651.0
008 008 260114s9999 xx 000 0 eng d
020 _a9781472553300
037 _aEBOOK
040 _aCRL
_beng
_cCRL
041 _aeng
_2eng
084 _qCRL
100 _aJohn Welfield
_9872904
245 3 _aAn Empire in Eclipse Japan in the Post-war American Alliance System: A Study in the Interraction of Domestic Politics and Foreign Policy
260 _bBloomsbury
_c2012
856 _uhttps://doi.org/10.5040/9781472553300?locatt=label:secondary_bloomsburyCollections
942 _cEBOOK
999 _c1471852
_d1471852